All Languages of Turkey - Statistics

General Stats
  • This quiz has been taken 23 times
  • The average score is 2 of 18
Answer Stats
Answer % Correct
Turkish
100%
Georgian
27%
Laz
27%
Bulgarian
18%
Levantine Arabic
18%
Northern Kurdish
14%
Domari
9%
North mesopotamian Arabic
9%
Pontic
9%
South Azerbaijani
5%
Balkan Gagauz Turkish
0%
Hertevin
0%
Northern Zazaki
0%
Southern Zazaki
0%
Syriac
0%
Turoyo
0%
Ubykh
0%
Western Armenian
0%
No matching quizzes found
Score Distribution
Percent of People with Each Score
Percentile by Number Answered
Your Score History
You have not taken this quiz